000
00328 a2200157 4500
001
65475
020
_a
849225176X
040
_c
Anchieta - Pituba
100
_a
Marques, Marina
240
1
0
_a
Vila de Sintra
_l
por
245
1
0
_a
Vila de Sintra
300
_a
24
362
0
_a
1998
650
4
_a
Geografia e viagens
942
_c
BK
999
_c
65475
_d
65475